UM Logo

Cyber crime an introduction (Record no. 15019)

MARC details
000 -LEADER
fixed length control field 00547nam a22001697a 4500
008 - FIXED-LENGTH DATA ELEMENTS--GENERAL INFORMATION
fixed length control field 200205b ||||| |||| 00| 0 eng d
020 ## - INTERNATIONAL STANDARD BOOK NUMBER
International Standard Book Number 978-93-5269-125-8
082 ## - DEWEY DECIMAL CLASSIFICATION NUMBER
Edition number 2019
Classification number DC 363.25
Item number J211
100 ## - MAIN ENTRY--PERSONAL NAME
Personal name Jakhar, Manoj
9 (RLIN) 41682
245 ## - TITLE STATEMENT
Title Cyber crime an introduction
Statement of responsibility, etc. Manoj Jakhar
260 ## - PUBLICATION, DISTRIBUTION, ETC. (IMPRINT)
Place of publication, distribution, etc. New Delhi:
Name of publisher, distributor, etc. Random Publications,
Date of publication, distribution, etc. ©2019.
300 ## - PHYSICAL DESCRIPTION
Extent viii, 246 pages:
Other physical details illustrations;
Dimensions 24 cm.
500 ## - GENERAL NOTE
General note Includes bibliography and index.
650 ## - SUBJECT ADDED ENTRY--TOPICAL TERM
Topical term or geographic name as entry element Computer security.
9 (RLIN) 41683
651 ## - SUBJECT ADDED ENTRY--GEOGRAPHIC NAME
Geographic name Computer crimes.
9 (RLIN) 41684
942 ## - ADDED ENTRY ELEMENTS (KOHA)
Source of classification or shelving scheme Dewey Decimal Classification
Koha item type Circulation
Holdings
Withdrawn status Lost status Source of classification or shelving scheme Damaged status Not for loan Collection code Home library Current library Date acquired Source of acquisition Total Checkouts Full call number Barcode Date last seen Copy number Price effective from Koha item type
    Dewey Decimal Classification     Circulation UM Digos College - LIC UM Digos College - LIC 08/08/2019 Purchased   DC 363.25 J211 2019 25794 05/15/2025 1 02/05/2020 Circulation